[Event "Just plain and simple!!!"]
[Site "SchemingMind.com"]
[Date "2007.12.07"]
[Round "-"]
[White "Orhany24"]
[Black "esteves101"]
[Result "0-1"]
[WhiteCountry "TUR"]
[BlackCountry "PHI"]
[WhiteElo "1760"]
[WhiteRD "73"]
[BlackElo "2077"]
[BlackRD "76"]
[GameID "131770"]

1. e4 e5 2. Nf3 Nf6 3. Bc4 Nxe4 4. O-O d5 5. Be2 Nc6 6. d4 Bd6 7. dxe5 Nxe5 8. Nxe5 Bxe5 9. c4 Qd6 10. Qxd5 Bxh2+
11. Kh1 Qxd5 12. cxd5 Be5 13. Bb5+ Ke7 14. f4 Ng3+ 15. Kg1 Bd4+ 16. Rf2 Ne4
0-1

[Event "Just plain and simple!!!"]
[Site "SchemingMind.com"]
[Date "2007.12.08"]
[Round "-"]
[White "Orhany24"]
[Black "Schaakmaatje"]
[Result "1-0"]
[WhiteCountry "TUR"]
[BlackCountry "NED"]
[WhiteElo "1823"]
[WhiteRD "65"]
[BlackElo "1746"]
[BlackRD "45"]
[GameID "131771"]

1. e4 c5 2. Nf3 d6 3. d4 cxd4 4. Nxd4 Nf6 5. Bd3 g6 6. c4 Bg7 7. Ne2 Nc6 8. Nbc3 O-O 9. O-O Ne5 10. h3 Be6
11. b3 Rc8 12. Bb2 Nfd7 13. Bc2 Qb6 14. Na4 Qd8 15. f4 Nc6 16. Bxg7 Kxg7 17. Kh1 Nc5 18. Nxc5 dxc5 19. Qe1 Rc7 20. Rd1 Rd7
21. Qf2 Nb4 22. Nc3 Rd4 23. Nd5 Nxc2 24. Qxc2 Rxd1 25. Rxd1 Bxd5 26. Rxd5 Qc7 27. g3 Rd8 28. Qd3 Rd6 29. Kg2 b6= 30. Kf3 Qd7
31. g4 f6 32. Rxd6 Qxd6 33. Qxd6 exd6 34. h4 h6 35. a3 Kf7 36. b4 Ke6 37. Ke3 f5 38. g5 a6 39. gxh6 Kf7 40. e5 cxb4
41. axb4 dxe5 42. fxe5 a5 43. e6+
1-0

[Event "Just plain and simple!!!"]
[Site "SchemingMind.com"]
[Date "2007.12.08"]
[Round "-"]
[White "Orhany24"]
[Black "Kroll"]
[Result "0-1"]
[WhiteCountry "TUR"]
[BlackCountry "POL"]
[WhiteElo "1823"]
[WhiteRD "65"]
[BlackElo "1956"]
[BlackRD "63"]
[GameID "131772"]

1. e4 e6 2. d4 d5 3. e5 c5 4. c3 Nc6 5. Nf3 Qb6 6. a3 Bd7 7. b4 cxd4 8. cxd4 Nge7 9. Nc3 Nf5 10. Na4 Qd8
11. Nc5 Bxc5 12. dxc5 Nh4 13. Bb2 O-O 14. g3 Nxf3+ 15. Qxf3 Qg5 16. Qf4 Qxf4 17. gxf4 a6 18. Bd3 Na7 19. Rg1 Bb5 20. Bc2 Nc6
21. h4 a5 22. h5 axb4 23. h6 g6 24. f5 exf5 25. Bxf5 bxa3 26. Rxa3 Rxa3 27. Bxa3 Ra8 28. Bb2 Ra2 29. Bc1 Re2+ 30. Kd1 Rxe5
31. Bd7 Re2 32. Bxc6 bxc6 33. Be3 Ra2 34. Rg5 f6 35. Rg4 Be2+
0-1

[Event "Just plain and simple!!!"]
[Site "SchemingMind.com"]
[Date "2007.12.04"]
[Round "-"]
[White "Orhany24"]
[Black "SLAINTIE MHATH"]
[Result "1-0"]
[WhiteCountry "TUR"]
[BlackCountry "POL"]
[WhiteElo "1738"]
[WhiteRD "75"]
[BlackElo "1702"]
[BlackRD "68"]
[GameID "131773"]

1. e4 d5 2. exd5 Qxd5 3. d4 Nc6 4. Nf3 Bg4 5. Be2 Nf6 6. c4 Qf5 7. O-O Bxf3 8. Bxf3 h5 9. Nc3 Rd8 10. d5 Ne5
11. Qa4+ Nfd7 12. Nb5 a6 13. Nxc7#
1-0

[Event "Just plain and simple!!!"]
[Site "SchemingMind.com"]
[Date "2007.12.09"]
[Round "-"]
[White "ghanafeast"]
[Black "Orhany24"]
[Result "0-1"]
[WhiteCountry "GER"]
[BlackCountry "TUR"]
[WhiteElo "1672"]
[WhiteRD "88"]
[BlackElo "1823"]
[BlackRD "65"]
[GameID "131774"]

1. d4 d5 2. c4 e6 3. Nc3 h6 4. Nf3 Nf6 5. g3 c5 6. Qb3 Nc6 7. Be3 Na5 8. Qa4+ Bd7 9. Qc2 Nxc4 10. Bf4 cxd4
11. Nxd4 e5 12. b3 exd4 13. bxc4 dxc3 14. Be5 Bb4 15. cxd5 O-O 16. Bxc3 Rc8 17. Kd1 Rxc3 18. Qb1 Ba4+ 19. Kd2 Qxd5+ 20. Qd3 Rxd3+
21. Kc1 Rd1+ 22. Kb2 Qd4#
0-1

[Event "Just plain and simple!!!"]
[Site "SchemingMind.com"]
[Date "2007.12.04"]
[Round "-"]
[White "fouche"]
[Black "Orhany24"]
[Result "0-1"]
[WhiteCountry "COL"]
[BlackCountry "TUR"]
[WhiteElo "1612"]
[WhiteRD "59"]
[BlackElo "1760"]
[BlackRD "73"]
[GameID "131775"]

1. d4 d5 2. c4 e6 3. Nc3 h6 4. Nf3 Nf6 5. e3 c5 6. cxd5 exd5 7. Bb5+ Nc6 8. O-O Be7 9. a3 O-O 10. Bd2 a6
11. Bxc6 bxc6 12. Ne5 Qc7 13. Rc1 c4 14. b4 Nd7 15. f4 Nxe5 16. fxe5 f6 17. exf6 Bxf6 18. Qh5 Be6 19. e4 Bf7 20. Qg4 Bxd4+
21. Kh1 Kh8 22. exd5 Bxc3 23. Bxc3 Bxd5 24. Qg6 Kg8 25. Rce1 Rxf1+ 26. Rxf1 Rf8 27. Re1 Qf7 28. Qxf7+ Rxf7 29. Re8+ Kh7 30. Re1 Rf2
31. Rg1 Ra2 32. h3 Rxa3 33. Be5 Rxh3+
0-1

[Event "Just plain and simple!!!"]
[Site "SchemingMind.com"]
[Date "2007.12.04"]
[Round "-"]
[White "esteves101"]
[Black "Orhany24"]
[Result "1-0"]
[WhiteCountry "PHI"]
[BlackCountry "TUR"]
[WhiteElo "2147"]
[WhiteRD "64"]
[BlackElo "1823"]
[BlackRD "65"]
[GameID "131776"]

1. e4 c5 2. Nc3 Nc6 3. Nf3 d6 4. d4 cxd4 5. Nxd4 e6 6. Bb5 Bd7 7. O-O Nf6 8. Nxc6 bxc6 9. Be2 Be7 10. Qd3 O-O
11. Rd1 d5 12. e5 Ne8 13. Qh3 f5 14. Rb1 Bg5 15. f4 Be7 16. b4 Rb8 17. a3 a5 18. bxa5 Rxb1 19. Nxb1 Qxa5 20. Kf1 g6
21. Rd3 c5 22. c4 Nc7 23. Rb3 Bc6 24. Nd2 d4 25. Qh6 Rd8 26. Rh3 Kf7 27. Nb3 Qa4 28. Qxh7+ Ke8 29. Qg7 Kd7 30. Nxc5+
1-0

[Event "Just plain and simple!!!"]
[Site "SchemingMind.com"]
[Date "2007.12.09"]
[Round "-"]
[White "Schaakmaatje"]
[Black "Orhany24"]
[Result "1/2-1/2"]
[WhiteCountry "NED"]
[BlackCountry "TUR"]
[WhiteElo "1746"]
[WhiteRD "45"]
[BlackElo "1823"]
[BlackRD "65"]
[GameID "131777"]

1. d4 d5 2. Bf4 e6 3. e3 a6 4. Nf3 Nf6 5. Bd3 c5 6. c3 c4 7. Bc2 b5 8. Nbd2 Bd6 9. Ne5 O-O 10. Bg3 Qc7
11. O-O Nc6 12. f4 Nd7 13. Ndf3 Ncxe5 14. fxe5 Be7 15. Nh4 Bxh4 16. Bxh4 f5 17. g4 g6 18. Be7 Rf7 19. Bd6 Qd8 20. gxf5 gxf5
21. Kh1 Nf8 22. Qh5 Ng6 23. Rf2 Qh4 24. Qxh4 Nxh4 25. Rg1+ Rg7 26. Rxg7+ Kxg7 27. Be7 Ng6 28. Rg2 Bd7 29. Bd1 Rg8 30. h4 Kf7
31. Bf6 Be8 32. h5 Nf8 33. Rxg8 Kxg8 34. Kh2 h6 35. b3 Nh7 36. Bh4 Ng5 37. b4= Ne4 38. Be1 Kf7 39. Kh3 Ke7 40. Kh4 Kd7
41. a4 Kc7 42. axb5=
1/2-1/2

[Event "Just plain and simple!!!"]
[Site "SchemingMind.com"]
[Date "2007.12.04"]
[Round "-"]
[White "Kroll"]
[Black "Orhany24"]
[Result "1-0"]
[WhiteCountry "POL"]
[BlackCountry "TUR"]
[WhiteElo "1903"]
[WhiteRD "71"]
[BlackElo "1760"]
[BlackRD "73"]
[GameID "131778"]

1. d4 d5 2. c4 e6 3. Nc3 h6 4. Nf3 Nf6 5. Bf4 a6 6. e3 c5 7. Be2 Be7 8. O-O O-O 9. dxc5 Bxc5 10. cxd5 exd5
11. Be5 Be6 12. Rc1 Ba7 13. Bxf6 Qxf6 14. Nxd5 Bxd5 15. Qxd5 Nc6 16. Qb3 Rab8 17. Rfd1 Ne5 18. Nxe5 Qxe5 19. Rd7 Rfc8 20. Qxf7+ Kh8
21. Rcd1 Qxb2 22. R1d6 Rc1+ 23. Bf1
1-0

[Event "Just plain and simple!!!"]
[Site "SchemingMind.com"]
[Date "2007.12.04"]
[Round "-"]
[White "SLAINTIE MHATH"]
[Black "Orhany24"]
[Result "1-0"]
[WhiteCountry "POL"]
[BlackCountry "TUR"]
[WhiteElo "1702"]
[WhiteRD "68"]
[BlackElo "1738"]
[BlackRD "75"]
[GameID "131779"]

1. d4 d5 2. Bg5 h6 3. Bh4 g5 4. Bg3 Bg7 5. e3 Nf6 6. h3 O-O 7. Be5 Nbd7 8. Nf3 Nxe5 9. dxe5 Ne4 10. Bd3 Bf5
11. Nbd2 c5 12. g4 Bg6 13. h4 f5 14. hxg5 hxg5 15. gxf5 Rxf5 16. Qe2 g4 17. Bxe4 dxe4 18. Nh4 Rg5 19. Nxg6 Rxg6 20. O-O-O Bxe5
21. Qc4+ Kg7 22. Qxe4 Bf6 23. Rh5 Qg8 24. Rdh1 Qxa2 25. Rh7+ Kf8 26. Qxg6 Bxb2+ 27. Kd1
1-0

[Event "Just plain and simple!!!"]
[Site "SchemingMind.com"]
[Date "2007.12.09"]
[Round "-"]
[White "Nephi_R"]
[Black "Orhany24"]
[Result "0-1"]
[WhiteCountry "PHI"]
[BlackCountry "TUR"]
[WhiteElo "1548"]
[WhiteRD "80"]
[BlackElo "1823"]
[BlackRD "65"]
[GameID "132086"]

1. e4 c5 2. d4 cxd4 3. c3 dxc3 4. Nxc3 d6 5. Bc4 e6 6. Nf3 Nc6 7. O-O Nf6 8. Qe2 Be7 9. Rd1 e5 10. Bb5 a6
11. Bxc6+ bxc6 12. Nxe5 Bb7 13. Nc4 O-O 14. Bf4 d5 15. exd5 cxd5 16. Ne5 Qa5 17. a3 Rfe8 18. b4 Qb6 19. Be3 Qc7
0-1

[Event "Just plain and simple!!!"]
[Site "SchemingMind.com"]
[Date "2007.12.10"]
[Round "-"]
[White "Nephi_R"]
[Black "fouche"]
[Result "0-1"]
[WhiteCountry "PHI"]
[BlackCountry "COL"]
[WhiteElo "1548"]
[WhiteRD "80"]
[BlackElo "1668"]
[BlackRD "63"]
[GameID "132087"]

1. d4 e6 2. e4 d5 3. exd5 exd5 4. c4 Nf6 5. Nf3 c6 6. Bd3 Bd6 7. O-O O-O 8. c5 Bc7 9. Nc3 Bg4 10. h3 Bh5
11. Bg5 Nbd7 12. Re1 Re8
0-1

[Event "Just plain and simple!!!"]
[Site "SchemingMind.com"]
[Date "2007.12.08"]
[Round "-"]
[White "Nephi_R"]
[Black "Schaakmaatje"]
[Result "0-1"]
[WhiteCountry "PHI"]
[BlackCountry "NED"]
[WhiteElo "1548"]
[WhiteRD "80"]
[BlackElo "1746"]
[BlackRD "45"]
[GameID "132089"]

1. e4 e5 2. Nf3 Nc6 3. d4 exd4 4. Nxd4 Bc5 5. Nxc6 Qf6 6. Qd2 dxc6 7. Bd3 Ne7 8. O-O Be6 9. Nc3 O-O-O 10. Qg5 Bd4
0-1

[Event "Just plain and simple!!!"]
[Site "SchemingMind.com"]
[Date "2007.12.10"]
[Round "-"]
[White "Nephi_R"]
[Black "Kroll"]
[Result "0-1"]
[WhiteCountry "PHI"]
[BlackCountry "POL"]
[WhiteElo "1548"]
[WhiteRD "80"]
[BlackElo "1956"]
[BlackRD "63"]
[GameID "132090"]

1. d4 Nf6 2. c4 e6 3. Nc3 d5 4. Nf3 Be7 5. e3 O-O 6. Bd3 Nbd7 7. O-O dxc4 8. Bxc4 Nb6 9. Bd3 Nbd5 10. Qe2 c5
0-1

[Event "Just plain and simple!!!"]
[Site "SchemingMind.com"]
[Date "2007.12.10"]
[Round "-"]
[White "Nephi_R"]
[Black "SLAINTIE MHATH"]
[Result "0-1"]
[WhiteCountry "PHI"]
[BlackCountry "POL"]
[WhiteElo "1548"]
[WhiteRD "80"]
[BlackElo "1653"]
[BlackRD "49"]
[GameID "132091"]

1. e4 e5 2. Nf3 f6 3. d4 Nc6 4. dxe5 Nxe5 5. Nxe5 Qe7 6. Nd3 Qxe4+ 7. Qe2 d5 8. Nc3 Qxe2+ 9. Bxe2 c6 10. O-O Bf5
11. Re1 O-O-O 12. Bf4 g5
0-1

[Event "Just plain and simple!!!"]
[Site "SchemingMind.com"]
[Date "2007.12.08"]
[Round "-"]
[White "Orhany24"]
[Black "Nephi_R"]
[Result "1-0"]
[WhiteCountry "TUR"]
[BlackCountry "PHI"]
[WhiteElo "1823"]
[WhiteRD "65"]
[BlackElo "1548"]
[BlackRD "80"]
[GameID "132093"]

1. e4 c5 2. Nf3 e6 3. c4 d5 4. exd5 exd5 5. d4 Nf6 6. Nc3 Be7 7. Be2 O-O 8. O-O Nc6 9. Be3 cxd4 10. Nxd4 dxc4
11. Bxc4 Bg4 12. Nxc6 bxc6 13. Qc2 Qc8 14. Bg5 Bf5 15. Bd3 Bxd3 16. Qxd3 Re8 17. Rfe1 Qc7 18. g3 Rad8 19. Qf5 Nd5 20. Rad1
1-0

[Event "Just plain and simple!!!"]
[Site "SchemingMind.com"]
[Date "2007.12.10"]
[Round "-"]
[White "fouche"]
[Black "Nephi_R"]
[Result "1-0"]
[WhiteCountry "COL"]
[BlackCountry "PHI"]
[WhiteElo "1668"]
[WhiteRD "63"]
[BlackElo "1548"]
[BlackRD "80"]
[GameID "132094"]

1. d4 e6 2. c4 f5 3. Nc3 Nf6 4. Bg5 Be7 5. e3 O-O 6. Bxf6 Bxf6 7. Bd3 c6 8. Nf3 d5 9. O-O Nd7 10. Rc1 Qe8
11. Re1 g6 12. cxd5 exd5 13. e4
1-0

[Event "Just plain and simple!!!"]
[Site "SchemingMind.com"]
[Date "2007.12.10"]
[Round "-"]
[White "SLAINTIE MHATH"]
[Black "Nephi_R"]
[Result "1-0"]
[WhiteCountry "POL"]
[BlackCountry "PHI"]
[WhiteElo "1653"]
[WhiteRD "49"]
[BlackElo "1548"]
[BlackRD "80"]
[GameID "132098"]

1. d4 e6 2. Nf3 f5 3. Bg5 Be7 4. h4 Nf6 5. e3 O-O 6. Bxf6 Bxf6 7. Bd3 d6 8. Nbd2 Qe7 9. c3 e5 10. Bc4+ Kh8
11. e4 exd4 12. Nxd4 fxe4 13. Qe2
1-0